| 000 | 01132nam a22002297a 4500 | ||
|---|---|---|---|
| 999 |
_c63163 _d63163 |
||
| 003 | Ge_BSU | ||
| 005 | 20250613115852.0 | ||
| 008 | 250613s1984 ge ||||| |||| 00| 0 geo d | ||
| 041 | _ageo | ||
| 080 | _a632.934(035) გ-26 | ||
| 100 |
_aგეგენავა, გრიგოლ _925414 |
||
| 245 |
_aმცენარეთა ქიმიური დაცვის საშუალებები. პესტიციდები : _bმოკლე ცნობარი / _cგრიგოლ გეგენავა, კარლო ბუაჩიძე. |
||
| 264 |
_aთბ. : _b საბჭ. საქართველო, _c1984. |
||
| 300 |
_a166 გვ. ; _b17 სმ. |
||
| 500 | _aანბ. საძიებელი: გვ. 154-163. | ||
| 504 | _aბიბლიოგრ.: გვ. 164-165 | ||
| 653 | _aმცენარეთა დაცვა | ||
| 653 | _aმცენარეთა ქიმიური დაცვა | ||
| 653 | _aპესტიციდები | ||
| 700 |
_aბუაჩიძე, კარლო _eავტორი _914627 |
||
| 942 |
_2udc _cᲬᲘᲒᲜᲘ |
||